Most foreign prisoners - Statistics

General Stats
  • This quiz has been taken 31 times
  • The average score is 12 of 25
Answer Stats
% Country hint % Correct
100 Monaco Europe
93%
88.5 Andorra Europe
89%
74.7 Luxembourg Europe
89%
75 Liechtenstein Europe
86%
50 San Marino Europe
86%
73.3 Qatar Asia
68%
38.9 Israel Asia
61%
49 Saudi Arabia Asia
61%
87.8 UAE Asia
61%
41.4 Malta Europe
57%
44.2 Belgium Europe
50%
69.6 Switzerland Europe
50%
43.5 Cyprus Asia
46%
52.7 Greece Europe
46%
32.9 Italy Europe
46%
30.3 Oman Asia
46%
30.1 Denmark Europe
43%
35.5 Estonia Europe
36%
29.8 Slovenia Europe
36%
36 Lebanon Asia
32%
53.2 Austria Europe
29%
30.6 Antigua and Barbuda N.America
21%
66.7 Gambia Africa
11%
31.6 Botswana Africa
0%
30 Cote d'Ivoire Africa
0%
No matching quizzes found
Score Distribution
Percent of People with Each Score
Percentile by Number Answered
Your Score History
You have not taken this quiz